Textbook on First Aid & Emergency Nursing (Record no. 1005)

MARC details
000 -LEADER
Fixed length control field 00487nam a2200193Ia 4500
003 - CONTROL NUMBER IDENTIFIER
Control field IIN
005 - DATE AND TIME OF LATEST TRANSACTION
Control field 20240129151137.0
008 - FIXED-LENGTH DATA ELEMENTS--GENERAL INFORMATION
Fixed length control field 231217s9999 xx 000 0 und d
020 ## - INTERNATIONAL STANDARD BOOK NUMBER / ISBN
Price Rs.795.00
International Standard Book Number 9789352705269
040 ## - CATALOGING SOURCE
Original cataloging agency IIN
Language of cataloging English
082 ## - DEWEY DECIMAL CLASSIFICATION NUMBER
Classification number 616.0252
Book Number CLE
100 1# - MAIN ENTRY--PERSONAL NAME
Personal name Clement, I
245 1# - TITLE STATEMENT
Title Textbook on First Aid & Emergency Nursing
Statement of responsibility I. Clement
250 ## - EDITION STATEMENT
Edition statement 2nd ed
260 ## - IMPRINT
Name of publisher Jaypee
Place of publication New Delhi
Date of publication 2019
300 ## - PHYSICAL DESCRIPTION
Page / Vol. No xvii, 785 p.
650 1# - SUBJECT ADDED ENTRY--TOPICAL TERM
Topical term First aid
942 ## - ADDED ENTRY ELEMENTS (KOHA)
Koha item type Books
Holdings
Withdrawn status Lost status Source of classification Damaged status Not for loan Collection code Home library Current library Date acquired Price Total Checkouts Call number Accession number Date last seen Price effective from Koha item type Shelving location
    Dewey Decimal Classification       IDEAL INSTITUTE OF NURSING IDEAL INSTITUTE OF NURSING 17/12/2023 795.00   616.0252 CLE 999 17/12/2023 17/12/2023 Books  
            IDEAL INSTITUTE OF NURSING IDEAL INSTITUTE OF NURSING 17/12/2023 795.00   616.0252 CLE 1000 21/03/2024 17/12/2023 Books  
    Dewey Decimal Classification     Purches Book IDEAL INSTITUTE OF NURSING IDEAL INSTITUTE OF NURSING 11/03/2025 925.00   616.0252 CLE 1855 07/04/2025 07/04/2025 Books General Stacks
© Ideal Institute Of Nursing, All rights reserved.         Powered by Koha